| 000 | 00873nam a2200265 a 4500 | ||
|---|---|---|---|
| 003 | OSt | ||
| 005 | 20130704134153.0 | ||
| 008 | 130704s1996 sz ||||| |||| 00| 0 spa d | ||
| 020 | _a92 4 320866 7 | ||
| 040 | _cBiblioteca Medicina | ||
| 041 | _aspa | ||
| 082 | _aOMS IT 866 | ||
| 110 |
_aOrganizacion Mundial de la Salud _91006 |
||
| 245 | 0 | 0 |
_aInvestigaciones sobre la menopausia en los años noventa. _bInforme de un Grupo Cientifico de la OMS |
| 250 | _a1° ed. | ||
| 260 |
_aGinebra _bOrganizacion Mundial de la Salud |
||
| 300 | _a125 p. | ||
| 440 | 0 | 0 |
_aInformes Tecnicos _n866 _92496 |
| 653 | _aMENOPAUSIA | ||
| 653 | _aINVESTIGACION | ||
| 653 | _aTERAPIA DE REEMPLAZO DE ESTROGENO | ||
| 653 | _aOSTEOPOROSIS POSMENOPAUSICA | ||
| 942 |
_2ddc _cPH |
||
| 999 |
_c1562 _d1562 |
||
| 952 |
_pH0081 _40 _00 _bBFM _10 _oOMS IT 866 _d2013-07-04 _tEj. 1 _8NFIC _70 _cCR _2ddc _yPH _aBFM |
||